| 000 | 01135nam a2200301Ia 4500 | ||
|---|---|---|---|
| 001 | ebr10026374 | ||
| 003 | CaPaEBR | ||
| 006 | m u | ||
| 007 | cr cn||||||||| | ||
| 008 | 030519s2003 maua s 001 0 eng d | ||
| 020 | _z1931836744 | ||
| 040 |
_aCaPaEBR _cCaPaEBR |
||
| 035 | _a(OCoLC)559533483 | ||
| 050 | 1 | 4 |
_aTK5105.59 _b.B42 2003eb |
| 082 | 0 | 4 |
_a005.8 _221 |
| 100 | 1 | _aBeale, Jay. | |
| 245 | 1 | 0 |
_aSnort 2.0 intrusion detection _h[electronic resource] / _cJay Beale, James C. Foster. |
| 260 |
_aRockland : _bSyngress ; _aOxford : _bElsevier Science, _cc2003. |
||
| 300 |
_axxviii, 523 p. : _bill. |
||
| 500 | _aIncludes index. | ||
| 533 |
_aElectronic reproduction. _bPalo Alto, Calif. : _cebrary, _d2013. _nAvailable via World Wide Web. _nAccess may be limited to ebrary affiliated libraries. |
||
| 650 | 0 |
_aComputer networks _xSecurity measures. |
|
| 650 | 0 | _aComputer security. | |
| 655 | 7 |
_aElectronic books. _2local |
|
| 700 | 1 | _aFoster, James C. | |
| 710 | 2 | _aebrary, Inc. | |
| 856 | 4 | 0 |
_uhttp://site.ebrary.com/lib/rucke/Doc?id=10026374 _zAn electronic book accessible through the World Wide Web; click to view |
| 999 |
_c8697 _d8697 |
||